Valuation of historic buildings (Record no. 115216)

MARC details
000 -LEADER
fixed length control field 01305cad a22002415a 4500
001 - CONTROL NUMBER
control field L158235
008 - FIXED-LENGTH DATA ELEMENTS--GENERAL INFORMATION
fixed length control field 131216s2014 xxk f 000 0 eng d
020 ## - INTERNATIONAL STANDARD BOOK NUMBER
International Standard Book Number 9781783210589
035 ## - SYSTEM CONTROL NUMBER
System control number (Sirsi) u158235
041 0# - LANGUAGE CODE
Language code of text/sound track or separate title eng
110 2# - MAIN ENTRY--CORPORATE NAME
Corporate name or jurisdiction name as entry element Royal Institution of Chartered Surveyors
9 (RLIN) 4900
245 00 - TITLE STATEMENT
Title Valuation of historic buildings
Medium [electronic resource]
250 ## - EDITION STATEMENT
Edition statement 1st ed.
260 ## - PUBLICATION, DISTRIBUTION, ETC.
Place of publication, distribution, etc. London
Name of publisher, distributor, etc. RICS
Date of publication, distribution, etc. 2014
490 #0 - SERIES STATEMENT
Series statement RICS Information Paper
520 ## - SUMMARY, ETC.
Summary, etc. Examines the principles of valuation as they apply to historic properties, providing an overview of the issues facing valuers appraising such assets. The key aims are to outline the factors to be considered when undertaking the valuation of historic properties and assets, and their potential effect on value, consider the relationship between the principal methodologies and the valuation of historic properties, and identifiy and signpost sources of information and guidance relevant for the valuation of historic properties or assets.
590 ## - LOCAL NOTE (RLIN)
Local note KA
651 #4 - SUBJECT ADDED ENTRY--GEOGRAPHIC NAME
Geographic name United Kingdom
Chronological subdivision
690 ## - LOCAL SUBJECT ADDED ENTRY--TOPICAL TERM (OCLC, RLIN)
Topical term or geographic name as entry element Valuation
9 (RLIN) 6273
856 40 - ELECTRONIC LOCATION AND ACCESS
Uniform Resource Identifier <a href="https://www.rics.org/Global/Valuation_of_historic_buildings_1st_edition_PGguidance_2014.pdf">https://www.rics.org/Global/Valuation_of_historic_buildings_1st_edition_PGguidance_2014.pdf</a>
Public note View the guide free of charge (members-only content) at www.rics.org/guidance
942 ## - ADDED ENTRY ELEMENTS (KOHA)
Suppress in OPAC 0
Holdings
Withdrawn status Lost status Source of classification or shelving scheme Damaged status Not for loan Home library Current library Shelving location Date acquired Total Checkouts Full call number Barcode Date last seen Copy number Price effective from Koha item type
    Dewey Decimal Classification     Virtual Virtual Online 30/10/2014   ONLINE PUBLICATION 158235-2001 06/08/2019 1 06/08/2019 Book